000 00275nam a22001217a 4500
008 170824b xxu||||| |||| 00| 0 eng d
041 _aeng
080 _a51
100 _a38
101 _aMAT
245 _aLECUTRES ON THE CALCULUS OFVARIATIONS
_cBLISS,G.A
942 _2udc
_cBK
999 _c24733
_d24733